00382nam a2200133Ia 4500008004100000100002000041245000900061260000900070300003400079440002400113650002000137999001900157952007200176180117s9999 xx 000 0 und d aby AA Patawaran aWHWN c2017 a20-22 pages, 2017 February 12 aPhilippine Panorama aPOR UNA CABEZA' c353578d353578 001040aCLbCLd2018-01-17l0r2018-01-17 00:00:00w2018-01-17ySE